000 01071nam a2200217 i 4500
001 162461
003 ES-MaACL
005 20240217123738.0
008 931025s1728 sp |||| | spa d
040 _aCAM
_bspa
_cPAB
100 1 _aPortilla y Esquivel, Miguel de.
_993248
245 1 0 _aHistoria de la ciudad de Compluto vulgarmente Alcalá de Santiuste y aora de Henares
_b: parte II de sus hijos insignes ... /
_csu autor ... Miguel de Portilla y Esquivel ...
260 _aEn Alcalá :
_bpor Joseph Espartosa ...,
_c1728.
300 _a[24], 198, [6] p. ;
_c4º.
597 _aSign. : §-3§4, A-Z4, 2A-3B4, 2C².
597 _aPort. con orla tip.
650 4 _aAlcalá de Henares-
_xHistoria.
_9223677
852 _aES-MaACL
_jR-3374
_zCotejado con la relación de obras recuperadas expediente robo.
_zCambio de signatura: datos tomados del fichero topográfico R.
_dOlim: G-1119
_h Ex-libris ms. de Gerardo O'Reilly, alumno del Colegio de San Jorge, 1748
_pvol.2
_x Encuadernacion en .pergamino
_9 168573
942 _2udc
999 _c162461
_d162461